| 000 | 00517nam a2200121Ia 4500 | ||
|---|---|---|---|
| 008 | 220615s9999||||xx |||||||||||||| ||und|| | ||
| 100 | _aKelp-Stebbins, Katherine | ||
| 245 | 0 |
_aHow Comics Travel _bPublication, Translation, Radical Literacies |
|
| 546 | _aEnglish[eng] | ||
| 650 | _aLiterary Criticism||Comparative Literature||Literary Criticism||Comics & Graphic Novels||Literary Criticism||Modern||20th Century | ||
| 856 | _uhttps://library.oapen.org/bitstream/20.500.12657/54156/1/external_content.pdf | ||
| 942 | _cEB | ||
| 999 |
_c10310 _d10310 |
||